Statistics for Twinkle Twinkle Little Star Lyrics

Click here to take the quiz!

General Stats

  • This quiz has been taken 241 times
  • The average score is 30 of 32

Answer Stats

Answer% Correct
Twinkle
100%
Twinkle
100%
Twinkle
100%
Twinkle
100%
Little
99%
Little
99%
Star
99%
Star
99%
A
98%
How
98%
How
98%
I
98%
I
98%
You
98%
You
98%
Are
97%
Are
97%
Wonder
97%
Wonder
97%
What
94%
What
94%
Sky
91%
The
91%
The
91%
In
88%
Up
88%
Like
85%
Above
84%
So
84%
High
83%
Diamond
82%
World
75%

Score Distribution

Percentile by Number Answered

Percent of People with Each Score

Your Score History

You have not taken this quiz